Glasgow - Culture générale - Statistiques

Statistiques générales
  • Ce quiz a été pris 277 fois
  • Le résultat moyen est 8 sur 16
Statistiques - réponses
Information Réponse % Correct
Nation dont elle est la plus grande ville Écosse
99%
Langue dans laquelle Glasgow se dit "Glaschu" Gaélique écossais
90%
Sous le règne de cette souveraine Glasgow était la deuxième ville de l'Empire Victoria
76%
Deux clubs de football qui s'affrontent dans un derby toujours enflammé Celtic FC
73%
Deux clubs de football qui s'affrontent dans un derby toujours enflammé Rangers FC
68%
Tennisman né ici qui a remporté 3 titres du Grand Chelem dans les années 2010 Andy Murray
66%
Entraîneur légendaire de Manchester United de 1986 à 2013 Alex Ferguson
61%
Marque de thé au label jaune Lipton
59%
Unité de température basée sur le zéro absolu, son nom vient d'une rivière ici Kelvin
58%
Poisson très apprécié dans l'assiette, qui se trouve aussi sur le blason de la ville Saumon
53%
Indicateur de l'état de conscience lors d'un coma {Échelle} de Glasgow
39%
Architecte et designer qui a dessiné de nombreux bâtiments de la ville, aussi ingénieux qu'un ordinateur dont il partage le nom. Charles Rennie {Mackintosh}
33%
Groupe de rock des années 1980 découvert du grand public avec Don't You (Forget About Me), ils ont pour autant gardé leurs esprits simples. Simple Minds
26%
Fleuve qui lie son port à la mer Clyde
12%
Plante psychotrope séchée, la ville en était une des plus grande plaque tournante Tabac
11%
Vaste cimetière au nom générique sur une colline derrière la cathédrale Nécropole
6%
Aucun quiz correspondant
Distribution des résultats
% des personnes avec chaque résultat
Percentile par nombre de réponses
Votre historique - résultats
Vous n’avez pas pris ce quiz